000 00307nam a22001217a 4500
008 180426b xxu||||| |||| 00| 0 eng d
041 _aeng
080 _a043.3
100 _a0
101 _aSHP-BTH
245 _aKosovo after the Conflict the influence of Religion in Politics
_cShabani,A
942 _2udc
_cBK
999 _c45571
_d45571